Giao tiếp tiếng Pháp cấp tốc

Nội dung sách gồm 60 bài đựoc chia theo từng chủ đề và chức năng giao tiếp để làm nên các hoạt động kỹ năng hoặc học từ ngữ pháp, trong mỗi bài có đưa ra một số mẫu câu giúp học viên kiểm tra lại phần trả lời của mình....

詳細記述

保存先:
書誌詳細
第一著者: Quang Huy
フォーマット: 図書
言語:Undetermined
出版事項: Thành phố Hồ Chí Minh Thống Kê 2006
主題:
タグ: タグ追加
タグなし, このレコードへの初めてのタグを付けませんか!
Thư viện lưu trữ: Trung tâm Học liệu Trường Đại học Cần Thơ
LEADER 00935nam a2200217Ia 4500
001 CTU_123616
008 210402s9999 xx 000 0 und d
020 |c 27000 
082 |a 448.34 
082 |b Qu106 
100 |a Quang Huy 
245 0 |a Giao tiếp tiếng Pháp cấp tốc 
245 0 |c Quang Huy, Lê Cương 
260 |a Thành phố Hồ Chí Minh 
260 |b Thống Kê 
260 |c 2006 
520 |a Nội dung sách gồm 60 bài đựoc chia theo từng chủ đề và chức năng giao tiếp để làm nên các hoạt động kỹ năng hoặc học từ ngữ pháp, trong mỗi bài có đưa ra một số mẫu câu giúp học viên kiểm tra lại phần trả lời của mình. 
650 |a French language 
650 |x Conservation 
904 |i Nguyên 
980 |a Trung tâm Học liệu Trường Đại học Cần Thơ